Culture Générale - Série 194 - Statistiques

Statistiques générales
  • Ce quiz a été pris 300 fois
  • Le résultat moyen est 6 sur 10
Statistiques - réponses
Question Réponse % Correct
Quel est le plus grand chiffre d'une grille classique de sudoku ? 9
96%
Que mangez-vous en dégustant du maroilles ? Du fromage
95%
Comment se prénomme le héros de "Sans famille" dans le roman d'Hector Malot ? Rémi
80%
A l'état sauvage, sur quelle île vit l'ornithorynque ? L'Australie
65%
Quelle série télévisée se déroule dans les murs du Cook County Hospital ? Urgences
65%
De quel trouble de la vue Mister Quincy Magoo souffre-t-il ? La myopie
58%
Quel élément chimique est symbolisé par la lettre N ? L'azote
53%
Dans le film "Speed" réalisé en 1994 par Neil Jordan, quel véhicule conduit Sandra Bullock ? Un bus
48%
A quel Premier ministre doit-on le RMI et la CSG ? Michel Rocard
36%
A quelle jeune fille s'adresse Tino Rossi dans sa chanson "Tchi-tchi !" ? Catalinetta
4%
Aucun quiz correspondant
Distribution des résultats
% des personnes avec chaque résultat
Percentile par nombre de réponses
Votre historique - résultats
Vous n’avez pas pris ce quiz